Os maiores compositores de música clássica - Statistics

Estatísticas Gerais
  • Esse quiz foi jogado 188 vezes
  • A pontuação média é 9 de 22
Estatísticas das Respostas
# Compositores Principais Obras % Correto
4 Wolfgang Amadeus Mozart Serenata nº 13, A flauta mágica, As bodas de Fígaro e Réquiem.
92%
5 Ludwig van Beethoven Para Elisa, Quinta Sinfonia, Sinfonia nº 9 e Primavera.
85%
1 Johann Sebastian Bach Concertos de Brandenburgo, Cravo bem temperado e A arte da fuga.
77%
3 Antonio Vivaldi As quatro estações e Ercole su'l Termodonte.
74%
10 Frédéric François Chopin Estudos, Marcha Fúnebre, Polonaise Militar e Noturno.
64%
16 Piotr Ilich Tchaikovsky O lago dos cisnes, A bela adormecida, O quebra nozes e Iolanda.
56%
19 Achille-Claude Debussy Prelúdio ao entardecer de um Fauno, Jogos e Clair de Lune.
40%
11 Franz Liszt Hamlet, Sinfonia Dante e Rapsódias húngaras.
40%
13 Johann Strauss II Danúbio Azul, Contos dos bosques de Viena e O barão cigano.
40%
20 Richard Strauss Sinfonia Alpina, Concerto para oboé, Salomé e Electra
40%
6 Franz Schubert Sinfonia nº 1, Sinfonia nº 2 e Missa em lá bemol.
38%
15 Georges Bizet Carmen, Canção do Toureador e Te Deum.
34%
14 Johannes Brahms Sinfonia nº 1, Sinfonia nº 3, Sinfonia nº 4 e Abertura trágica.
33%
12 Richard Wagner A proibição de amar, Lohengrin, Riezi e O holandês errante.
32%
9 Robert Schumann Sinfonia nº 1, Sinfonia nº 3 e Cenas infantis.
28%
8 Felix Mendelssohn Marcha Nupcial, Sinfonia nº 3 e Sinfonia nº 4.
27%
17 Giacomo Puccini La bohème, Tosca, Turandot e Madame Butterfly.
21%
22 Sergei Rachmaninoff Sinfonia nº 1, O cavaleiro avarento e Ilha dos mortos.
20%
18 Gustav Mahler Sinfonia nº 1, Sinfonia nº 2, e Sinfonia nº 8.
17%
7 Louis Hector Berlioz Sinfonia Fantástica, Réquiem e Carnaval Romano.
16%
2 Georg Friedrich Haendel Júlio César, Utrecht Te Deum, Esther e O Messias.
15%
21 Dimitri Shostakovitch Sétima Sinfonia, Oitava Sinfonia e Nona Sinfonia.
4%
Nenhum quiz correspondente encontrado
Distribuição das Pontuações
Porcentagem de Pessoas com Cada Pontuação
Percentil de Números Respondidos
Sua Pontuação Histórica
Você não jogou esse quiz